Romeo and Juliet (notes)

保存先:
書誌詳細
第一著者: Shakespeare, William
フォーマット: 図書
言語:Undetermined
出版事項: Nebraska, Estados Unidos Cliff´s Notes 1960
主題:
タグ: タグ追加
タグなし, このレコードへの初めてのタグを付けませんか!

MARC

LEADER 00000nam a2200000Ia 4500
008 170316s9999 xx 000 0 und d
040 |a cru BVZT 
090 |a 820 S-5ro 
100 |a Shakespeare, William 
245 |a Romeo and Juliet (notes) 
260 |a Nebraska, Estados Unidos 
260 |b Cliff´s Notes 
260 |c 1960 
300 |a 59 páginas 
650 |a LITERATURA INGLESA 
999 |c 7177  |d 7177 
942 |c 15 D  |h 820 S-5ro  |2 z